|
|
|
|
| LEADER |
00000nab a2200000 a 4500 |
| 001 |
vtls000407282 |
| 003 |
SK-MaSNL |
| 005 |
20260303210013.0 |
| 008 |
160202c1991 xo 0 slo |
| 015 |
|
|
|a SNBRB19rr/mm-uuuuu
|
| 035 |
|
|
|a CL0407406
|
| 040 |
|
|
|a SNKBUCL
|b slo
|c SNKBUCL
|e AACR2
|
| 041 |
0 |
|
|a slo
|
| 044 |
|
|
|a xo
|c SK
|
| 080 |
|
|
|a 7.097
|2 1981
|
| 100 |
1 |
|
|a Košťálová, Marcela,
|d 1950-
|4 aut
|9 209538
|
| 245 |
1 |
0 |
|a Relácie na záver roka -
|b ... a na obrazovke
|c Marcela Košťálová
|
| 610 |
1 |
7 |
|a Česká televize
|2 snkbucl
|9 206070
|
| 610 |
2 |
7 |
|a Slovenská televízia
|2 snkbucl
|9 115516
|
| 650 |
0 |
7 |
|a programy televízne vianočné
|2 snkbucl
|9 909613
|
| 650 |
0 |
7 |
|a programy televízne silvestrovské
|2 snkbucl
|9 1240626
|
| 655 |
|
7 |
|a články z novín a časopisov
|2 snkbucl
|9 267496
|
| 773 |
0 |
|
|t Literárny týždenník
|g Roč. 4, č. 3 (1991), s. 15
|
| 850 |
|
|
|a Slovenská národná knižnica v Martine
|a MTA001
|
| 852 |
|
|
|a SNK
|b KIS3GCP
|
| 958 |
|
|
|a RK
|
| 958 |
|
|
|a CZ
|
| 999 |
|
|
|c 2198242
|d 2200172
|